000 00482nam a2200193Ia 4500
003 OSt
005 20250930123738.0
008 250729s2005 xx 000 0 und d
020 _a ‎ 978-8171693122
040 _cAL
041 _aeng
082 _a371.2 SHAS
100 _aSharma B M
_9222872
245 _aSchool administration and management
260 _aNew Delhi
_bCommonwealth Publishers
_c2005
300 _a482p
650 _aEducation
_9222873
942 _2ddc
_cBED
999 _c235647
_d235647